• 首页
  • 本馆介绍
  • 公告通知
  • 最新文献
  • 馆藏检索
  • 电子资源
  • 读者导购
  • 参考咨询
  • 我的图书馆
  • 登录
  • 详细信息显示
  • 放入我的书架
  • 预约/预借图书
  • 作者相关作品
  • 分类相关作品
  • 丛书相关作品
  • 出版社相关作品

书目信息

  • 表格格式
  • 工作单格式
  • 卡片格式
书名: 当代语义理论指南
作者: [美]Shalom Lappin主编.
分册号: [专著] /
分册名:
出版地: 北京 :
 
出版社: 外语教学与研究出版社
出版时间: 2001.
页数: 62,679页 ;
开本: 23cm.
丛书名: 当代国外语言学与应用语言学文库
中图分类号:
科图分类号:
其他分类号: H03
主题词:
电子资源:
000 00964nam 2200277 a 4500
001 01200203805
005 20070819091546.62
008 020501d2001 ch 0 chi0
020    @a7-5600-2427-0 :@cCNY61.90.
040    @aNLC@bchi
041    @aeng
090    @aH030 @v4
090    @aH03
099    @dH03@ex17
100 1  @aLappin @cShalom @4主编
245 10 @a当代语义理论指南 :@bThe Handbook of Contemporary Semantic Theory@h[专著] / @c[美]Shalom Lappin主编.
246  1 @aThe Handbook of Contemporary Semantic Theory
250    @a影印本.
260 1  @a北京 :@b外语教学与研究出版社,@c2001.
300    @a62,679页 ;@c23cm.
440  0 @a当代国外语言学与应用语言学文库
500    @a本书由布莱克韦尔出版社授权外语与研究出版社出版
520    @a本书介绍了一些重要的语义理论,有蒙太古语义学、广义量词理论、范畴语法、话语表达理论、情景语义学、词汇语义学、谈话隐涵理论等。
650 04 @a语义学 @2CT@x研究
650 04 @a语义学 @2CT
700 1  @a方立 @4导读
    
    当代语义理论指南 : : The Handbook of Contemporary Semantic Theory [[专著] / ] / [美]Shalom Lappin主编.-影印本.-北京 : : 外语教学与研究出版社, , 2001.
    62,679页 ; ; 23cm.- (当代国外语言学与应用语言学文库 )
    本书由布莱克韦尔出版社授权外语与研究出版社出版.-本书介绍了一些重要的语义理论,有蒙太古语义学、广义量词理论、范畴语法、话语表达理论、情景语义学、词汇语义学、谈话隐涵理论等。
    
    ISBN 7-5600-2427-0 :CNY61.90.
    本书介绍了一些重要的语义理论,有蒙太古语义学、广义量词理论、范畴语法、话语表达理论、情景语义学、词汇语义学、谈话隐涵理论等。
●
相关链接 在E读中查询图书 在五车中查询图书 在当当中查询图书 在豆瓣中查询图书


正题名:当代语义理论指南     索取号:H03/x17         预约/预借

序号 登录号 条形码 馆藏地/架位号 状态 备注
1 000976   300009764   第二样本阅览室/ [索取号:H03/x17] 在馆    
2 000977   300009773   第四借阅区/ [索取号:H03/x17] 在馆    
3 000978   300009782   第四借阅区/ [索取号:H03/x17] 在馆    
4 000979   300009791   第四借阅区/ [索取号:H03/x17] 在馆    
5 000980   300009808   第四借阅区/ [索取号:H03/x17] 在馆    
6 0016706   300167067   第四借阅区/ [索取号:H03/x17] 在馆    
7 0016707   300167076   第四借阅区/ [索取号:H03/x17] 在馆    
8 0016708   300167085   第四借阅区/ [索取号:H03/x17] 在馆    
9 0016709   300167094   第四借阅区/ [索取号:H03/x17] 在馆    
10 0016710   300167101   第四借阅区/ [索取号:H03/x17] 在馆    
唐山师范学院图书馆 欢迎您!
大连网信软件有限公司© 版权所有